Methods of reducing power losses in distribution systems; MATEC Web of Conferences; Vol. 141 : Smart Grids 2017
| Parent link: | MATEC Web of Conferences Vol. 141 : Smart Grids 2017.— 2017.— [01050, 5 p.] |
|---|---|
| Hoofdauteur: | |
| Coauteur: | |
| Andere auteurs: | , |
| Samenvatting: | Title screen The object of research is plot of an urban electricity distribution network of 10/0.4 kV of Tomsk city. The purpose of work - research and development of scientific and technical solutions to optimize the plot operation modes of an urban power supply system on the basis of modern software and hardware. The study found ways to reduce the unbalance of currents and voltages. Applications: urban and rural distribution networks 10/0.4 kV. Economic efficiency: the measures proposed can reduce the power loss. In the course of the research calculation and analyzing of the operation mode in the programs were carried out. |
| Taal: | Engels |
| Gepubliceerd in: |
2017
|
| Onderwerpen: | |
| Online toegang: | https://doi.org/10.1051/matecconf/201714101050 http://earchive.tpu.ru/handle/11683/46039 |
| Formaat: | MixedMaterials Elektronisch Hoofdstuk |
| KOHA link: | https://koha.lib.tpu.ru/cgi-bin/koha/opac-detail.pl?biblionumber=657327 |
MARC
| LEADER | 00000nla2a2200000 4500 | ||
|---|---|---|---|
| 001 | 657327 | ||
| 005 | 20250523144530.0 | ||
| 035 | |a (RuTPU)RU\TPU\network\23829 | ||
| 035 | |a RU\TPU\network\23824 | ||
| 090 | |a 657327 | ||
| 100 | |a 20180123a2017 k y0engy50 ba | ||
| 101 | 0 | |a eng | |
| 105 | |a y z 100zy | ||
| 135 | |a drgn ---uucaa | ||
| 181 | 0 | |a i | |
| 182 | 0 | |a b | |
| 200 | 1 | |a Methods of reducing power losses in distribution systems |f Ya. Wilms, S. Fedorovich, N. A. Kachalov | |
| 203 | |a Text |c electronic | ||
| 300 | |a Title screen | ||
| 320 | |a [References: 7 tit.] | ||
| 330 | |a The object of research is plot of an urban electricity distribution network of 10/0.4 kV of Tomsk city. The purpose of work - research and development of scientific and technical solutions to optimize the plot operation modes of an urban power supply system on the basis of modern software and hardware. The study found ways to reduce the unbalance of currents and voltages. Applications: urban and rural distribution networks 10/0.4 kV. Economic efficiency: the measures proposed can reduce the power loss. In the course of the research calculation and analyzing of the operation mode in the programs were carried out. | ||
| 461 | 0 | |0 (RuTPU)RU\TPU\network\4526 |t MATEC Web of Conferences | |
| 463 | 0 | |0 (RuTPU)RU\TPU\network\23742 |t Vol. 141 : Smart Grids 2017 |o The Fifth International Youth Forum, October 9-13, 2017, Tomsk, Russia |o [proceedings] |f National Research Tomsk Polytechnic University (TPU) ; eds. A. A. Kozyreva, A. O. Zhdanova, G. V. Kuznetsov |v [01050, 5 p.] |d 2017 | |
| 610 | 1 | |a электронный ресурс | |
| 610 | 1 | |a труды учёных ТПУ | |
| 610 | 1 | |a потери | |
| 610 | 1 | |a мощности | |
| 610 | 1 | |a распределительные системы | |
| 610 | 1 | |a электроэнергия | |
| 610 | 1 | |a научно-технические решения | |
| 610 | 1 | |a оптимизация работы | |
| 610 | 1 | |a электроснабжение | |
| 610 | 1 | |a программное обеспечение | |
| 610 | 1 | |a аппаратное обеспечение | |
| 610 | 1 | |a экономическая эффективность | |
| 700 | 1 | |a Wilms |b Ya. |g Yakov | |
| 701 | 1 | |a Fedorovich |b S. |g Sergey | |
| 701 | 1 | |a Kachalov |b N. A. |c linguist |c Head of the Department, Associate Professor of Tomsk Polytechnic University, candidate of pedagogical sciences |f 1954- |g Nikolay Aleksandrovich |3 (RuTPU)RU\TPU\pers\33552 | |
| 712 | 0 | 2 | |a Национальный исследовательский Томский политехнический университет |c (2009- ) |9 26305 |
| 801 | 2 | |a RU |b 63413507 |c 20180426 |g RCR | |
| 850 | |a 63413507 | ||
| 856 | 4 | |u https://doi.org/10.1051/matecconf/201714101050 | |
| 856 | 4 | |u http://earchive.tpu.ru/handle/11683/46039 | |
| 942 | |c CF | ||